000 00413nam a22001457a 4500
003 OSt
005 20211115110946.0
008 211115b ||||| |||| 00| 0 eng d
040 _cAIMIT LIBRARY
100 _aVaz, Savio; B Santhosh.
_d181739
_910390
245 _aData Insights Tool.
260 _aMResult Services Pvt.Ltd, Bangalore.
_bSanthosh B.
_c2021
856 _uURL:https://mresult.com
942 _2ddc
_cPRO
999 _c220585
_d220585